| 000 | 01057aam a2200337 4500 | ||
|---|---|---|---|
| 000 | |||
| 005 | 20250721173453.0 | ||
| 008 | 150624b xxu||||| |||| 00| 0 spa d | ||
| 041 | _aspa | ||
| 082 | _a005.3 S311m | ||
| 100 |
_aScott Peña, Patricia _913039 |
||
| 245 | _aManual imprescindible de Windows 8 | ||
| 260 |
_aEspaña _bAnaya _c2013 |
||
| 300 | _a399 páginas | ||
| 650 |
_aPROGRAMAS PARA COMPUTADOR _96587 |
||
| 650 |
_aWINDOWS 8 _96588 |
||
| 650 |
_aPANTALLA DE INICIO _96589 |
||
| 650 |
_aPROGRAMAS Y APLICACIONES _96590 |
||
| 650 |
_aNAVEGACIÓN _96591 |
||
| 650 |
_aADMINISTRACIÓN DE WINDOWS _96592 |
||
| 650 |
_aPERSONALIZAR _96593 |
||
| 650 |
_aADMINISTRACIÓN DE ARCHIVOS _96419 |
||
| 650 |
_aADMINISTRACIÓN DE CARPETAS _925516 |
||
| 650 |
_aADMINISTRACIÓN DE PROGRAMAS _925517 |
||
| 650 |
_aADMINISTRACIÓN DE DISPOSITIVOS _99944 |
||
| 650 |
_aHERRAMIENTAS ADMINISTRATIVOS _96595 |
||
| 650 |
_aCONFIGURACIÓN DE LA RED _96596 |
||
| 650 |
_aSEGURIDAD INFORMÁTICA _95397 |
||
| 650 |
_aINTERNET EXPLORE 10 _925518 |
||
| 942 | _cBK | ||
| 999 |
_c3019 _d3019 |
||